La fiesta del béisbol / (Registro nro. 8763)

Detalles MARC
000 -LIDER
fixed length control field 00766nam a22002537a 4500
001 - NÚMERO DE CONTROL
Identificador de número de control 0074
003 - IDENTIFICACDOR DE NÚMERO DE CONTROL
control field DO-SdBPM
005 - DATE AND TIME OF LATEST TRANSACTION
control field 20250528081838.0
007 - CAMPOS FIJOS DE DESCRIPCIÓN FÍSICA
fixed length control field 0074
008 - ELEMENTOS DE LONGITUD FIJA
fixed length control field 151117b1983 ve | 00| 0 spa d
040 ## - FUENTE DE CATALOGACIÓN
Agencia que crea de manera original el registro DO-SdBPM
Idioma de catalogación spa
Agencia que realiza la transcripción BPMSU
082 #4 - NÚMERO DE CLASIFICACIÓN DECIMAL DE DEWEY
Classification number 796.357
Item number R175f 1983
Edition number 22
100 1# - ASIENTO PRINCIPAL -- NOMBRE PERSONAL
Nombre personal Ramos, Ali
245 13 - MENCIÓN DE TITULO
Título La fiesta del béisbol /
Mención de responsabilidad Ali Ramos, Nilson Guerra ; prólogo Eleazar Díaz Rangel
260 ## - PUBLICACIÓN, DISTRIBUCIÓN, ETC. (PIE DE IMPRENTA)
Lugar de publicación, distribución, etc Venezuela :
Nombre del editor, distribuidor, etc. Interarte,
Fecha de publicación, distribución, etc 1983.
300 ## - DESCRIPCIÓN FÍSICA
Extensión 246 p. :
Otros detalles físicos il., ;
Dimensiones 21 cm.
504 ## - NOTA DE BIBLIOGRAFÍA, ETC.
Bibliography, etc Bibliografías : p. 241
590 ## - NOTA LOCAL
Texto de la nota local Inventariado, 2025/VM
650 #4 - ENCABEZAMIENTO DE MATERIA--TEMÁTICO
Término temático o nombre geográfico como elemento de entrada Béisbol
Subdivisión temática general Jugadas
651 #4 - ENCABEZAMIENTO DE MATERIA--NOMBRE GEOGRÁFICO
Nombre geográfico Venezuela
Subdivisión temática general Vida social y costumbres
700 1# - ASIENTO SECUNDARIO -- NOMBRE PERSONAL
Nombre personal Díaz Rangel, Eleazar,
Mención de responsabilidad prólogo
910 ## - VALIDACIÓN
Validación VMateo V. Control de calidad. BPMSU
942 ## - ADDED ENTRY ELEMENTS (KOHA)
Source of classification or shelving scheme Dewey Decimal Classification
Koha item type Libros
Existencias
Withdrawn status Lost status Source of classification or shelving scheme Damaged status Not for loan Collection code Home library Current library Date acquired Source of acquisition Total Checkouts Full call number Barcode Date last seen Price effective from Koha item type
    Dewey Decimal Classification     Colección General Biblioteca Pública Metropolitana Salomé Ureña Biblioteca Pública Metropolitana Salomé Ureña 11/17/2015   BPMSU CG 796.357 R175f 1983 BPMSU15110327 11/17/2015 11/17/2015 Libros